00806nam a2200169 a 450000100100000000500170001000800410002704000250006808200150009310000260010824502200013426000520035430000270040650000730043395201130050699900170061900003102720200930062646.0110610s1928 dr r 000 0 spa d aDO-SdBNPbspacBNPHU axxxxbxxxx1 akelsey, Albert95752010aPrograma y reglamento del concurso para la selección de un arquitecto para el Faro Monumental que la naciones del mundo erigirán en la República Dominicana a la memoria de Cristóbal Colón /cAlbert Kelsey. a[Santo Domingo] :bUnión Panamericana,c1928. a72 p. :bil. ;c32 cm. aIncluye referencias bibliográficas y notas al pie de las páginas 001050718RVaPDbPDcHDd2011-06-10iLF1l0oxxxx xxxxp31027-10r2020-06-25w2020-06-25y1ZNo se presta c30519d30519